000 00412nam a22001217a 4500
999 _c6701
_d6701
008 200324b ||||| |||| 00| 0 eng d
100 _aThe united republic of Tanzania
245 _a2002 Population and Housing Census volume i
_bDistrict Profile
_cThe United Republic of Tanzania
_hEnglish
260 _aDar es salaam
300 _axvi,195p.
_bIllustration
_c29cm
650 _2Analytical report
942 _2ddc
_cBOOKS